Estadísticas para Rosco de Pasapalabra #26

Haz click aquí para intentar la prueba.

Estadísticas generales

  • Esta prueba ha sido intentada 124 veces
  • La puntuación promedio es 11 de 25

Estadísticas de respuestas

InicialDefiniciónRespuesta% Correcto
MTiempo que equivale a 60 segundosMinuto
89%
AReunión de los miembros de una colectividad para discutir determinadas cuestiones de interés comúnAsamblea
79%
Contiene la ÑActitud de colaboración y lealtad entre compañerosCompañerismo
76%
FCaja o mueble con cajones que se emplea para guardar fichas ordenadamenteFichero
67%
GMiembro de una banda organizada de delincuentes que actúa en las grandes ciudadesGánster
67%
OSe dice de la persona que tiende a ver y a juzgar las cosas de la forma más favorableOptimista
64%
DTardanza en el cumplimiento de una obligación desde que es exigibleDemora
60%
ITecla de un ordenador que se emplea para introducir un salto de línea y para ejecutar órdenesIntro
59%
CAfán excesivo de riquezasCodicia
51%
BBebida desagradable de tomar o de mal aspectoBrebaje
48%
TCada uno de los dos músculos planos y triangulares situados al principio de la espalda y al final del cuelloTrapecio
46%
UTercera persona del plural del condicional simple de indicativo del verbo ubicarUbicarían
46%
LPrivación del juicio o del uso de la razónLocura
45%
VRecolección y cosecha de la uvaVendimia
45%
Contiene la YColoquialmente, calzoncillosGayumbos
41%
Contiene la QIglesia en que se administran los sacramentos y se atiende espiritualmente a los fieles de una feligresíaParroquia
39%
PCantidad de dinero suplementaria que se añade al sueldo de un empleadoPlus
36%
SOposición u obstrucción intencionada contra un proyecto, una orden o una idea, para que estos fracasenSabotaje
33%
ZExcavación larga y estrecha que se hace en la tierra para echar los cimientos o conducir las aguasZanja
32%
NAltura en que está situada una cosa o a que llega algoNivel
30%
HConjunto de cosas largas y estrechas, como mieses o leña, dispuestas a lo largo y atadas por el centroHaz
11%
EPlanta de la familia de las cucurbitáceas, cuyo fruto desecado se usa como cepillo de aseo para fricciones.Estropajo
10%
Contiene la XApellido del cineasta y músico que dirigió la película 'La chaqueta de piel de ciervo'Dupieux
1%
JIsla de Panamá que, tras la isla de Coiba, es la segunda más grande del Parque Nacional de CoibaJicarón
1%
RParte más estrecha en la popa y la proa del barcoRasel
1%

Distribución de puntuación

Porcentaje por número respondido

Porcentaje de gente con cada puntuación

Historial de tus puntuaciones

No has intentado esta prueba.